| 000 | 00356 a2200145 4500 | ||
|---|---|---|---|
| 001 | 151895 | ||
| 040 | _cEscola São Tomás de Aquino | ||
| 100 | _aBELLINGHAUSEN, Ingrid Biesemeyer | ||
| 240 | 1 | 0 |
_aVamos abraçar o Mundinho _lpor |
| 245 | 1 | 0 | _aVamos abraçar o Mundinho |
| 362 | 0 | _a2014 | |
| 440 | 1 | _aDCL | |
| 697 | _a*LITERATURA INFANTIL | ||
| 942 | _cBK | ||
| 999 |
_c151895 _d151895 |
||